000 00952nam a2200265Ia 4500
003 OSt
005 20220923211532.0
006 a|||||r|||| 00| 0
007 ta
008 220922b |||||||| |||| 00| 0 hin d
020 _a9789382114130 (hbk)
_c220
024 _a272,461
037 _bIN-01742, 05/08/2013, Kitab Ghar Prakashan
_cTextual
040 _aARTS
_cARTS
_bhin
041 _2hin
_ahin
082 _aO152,6N16x, Q2
100 _aशास्त्री, जानकीवल्लभ
245 0 _aमन की बात
246 _ahin kī bāta
260 _aनयी दिल्ली
_b किताबघर प्रकाशन
_c2012
300 _a132पृ.
_ccm.
650 _aहिन्दी साहित्य
_9156264
942 _hO152,6N16x, Q2
_cTEXL
_2CC
999 _c300551
_d300551